LEADER 01223nam a2200289 i 4500 001 000000047776 003 CaOOAMICUS 005 20101117000000.0 008 101117s1992 it u000 u ita u 013 $a18946 020 $a88-382-3667-4 040 $aSeMil$bita 100 1 $aCecchi, Dante.$0(OLS)http://semarc/name/23733 245 13$aIl cardinale Giovanni Benelli /$cD. Cecchi ... [et al.] ; introduzione di Giovanni Battista Re. 260 $aRoma :$bStudium,$ccopyr. 1992. 300 $a320 p., [1] c. di tav., [16] p. di tav. ;$c21 cm. 490 0 $aCoscienza. Studi ;$v22 500 $aFondo Conti. 600 14$aBenelli, Giovanni .$0(OLS)http://semarc/subject/10054 700 1 $aRe, Giovanni Battista,$c.$0(OLS)http://semarc/name/90558 830 0$aCoscienza. Studi ;$v22.$0(OLS)http://semarc/title/11155 850 $aSeMil 852 $aSeMil$W1$xVenegono$y1$m3J I 276$j13931$B13931$CSeMilBibl$Z2$F13931 $81 961 $aOmaggio: Conti Franco 996 $6020$a88-382-3667-4$9(OLS)http://semarc/number/20582 996 $6245$aIl cardinale Giovanni Benelli$9(OLS)http://semarc/title/72114 996 $6260$aRoma :$bStudium$9(OLS)http://semarc/publisher/29617 LEADER 00977nam a2200241 i 4500 001 000000061785 003 CaOOAMICUS 005 20130222000000.0 008 130222s1909 it u000 u ita u 013 $a32957 040 $aSeMil$bita 100 1 $aScott Palmer, W.$0(OLS)http://semarc/name/31391 245 13$aLa Chiesa e l'uomo moderno /$cW. Scott Palmer. 260 $aTorino :$bFratelli Bocca,$c1909. 300 $aIX, 171 p. ;$c21 cm. 490 0 $aPiccola biblioteca di scienze moderne ;$v161 500 $aIn mezzo al front : Traduzione dall'inglese di F. M. 650 4$aChiesa.$0(OLS)http://semarc/subject/3309 830 0$aPiccola biblioteca di scienze moderne ;$v161.$0(OLS)http://semarc/title/9145 850 $aSeMil 852 $aSeMil$W1$xVenegono$y1$m2L II 18$j27938$B27938$CSeMilBibl$Z2$F27941 $81 996 $6245$aLa Chiesa e l'uomo moderno$9(OLS)http://semarc/title/97165 996 $6260$aTorino :$bFratelli Bocca$9(OLS)http://semarc/publisher/31876